Statistiques concernant Quiz des fleurs

Cliquez ici pour prendre le quiz!

Statistiques générales

  • Ce quiz a été pris 335 fois
  • Le résultat moyen est 12 sur 16

Statistiques - réponses

Réponse% Correct
rose
100%
tulipe
99%
coquelicot
96%
lavande
94%
marguerite
91%
pissenlit
86%
muguet
84%
orchidée
82%
jonquille
72%
hortensia
68%
bouton d'or
63%
iris
61%
lilas
60%
bleuet
57%
pivoine
54%
edelweiss
40%

Distribution des résultats

Percentile par nombre de réponses

% des personnes avec chaque résultat

Votre développement - résultats

Vous n’avez pas pris ce quiz